00616nam a22001937a 450000500170000001000150001702000260003203500130005803700130007108200160008410000240010024500940012426000520021827000440027030000260031450000500034065000200039065000120041020100813142754.0 aENG-100385 a9788189965020c200.00 aEN-83917 bDBAD/PUB a332.1091767 aMohammed Obaidullah aIslamic financial market :btowards greater ethics & efficiency /cby Mohammed Obaidullah aNew DelhibInstitute of objective studiesc2007 aB-35,Nizamuddin WestbNew Delhie110013 avi, 215p.c21cm (pbk) aIncludes bibliogaraphical refereces and index aBank & Banking  aFinance